00457nam a2200133Ia 45000010005000000080041000050200022000460820018000681000018000862450161001042600016002659010027002819990015003084259241024s9999 xx 000 0 und d a978-9945-415-51-3 aRD/863.5/C726 a[*SIN AUTOR*] 0aEl columpio de los sueños. Cuentos de niños y niñas dominicanas / Editado por Liliana Montenegro, Compilado por Equipo técnico PEF-Lengua española bPUCMMc2013 a24/8/2016 3:06:55 p.m. c7783d7783